000 00210nam a22000857a 4500
008 161207b xxu||||| |||| 00| 0 eng d
100 _91937
_aSayunkta ludra.S
245 _aBal barti
260 _aNew Delhi
_bNCERT
_c2006
999 _c4704
_d4704